000 00689nam a2200289Ia 4500
005 20260324145523.0
008 008 260324s9999 xx 000 0 eng d
020 _a9781003313250
037 _aEBOOK
040 _aCRL
040 _beng
040 _cCRL
041 _2eng
041 _aeng
084 _qCRL
100 _aD. W. Hamlyn
_91223250
245 0 _aPerception, Learning and the Self
245 0 _bEssays in the Philosophy of Psychology
260 _bTaylor and Francis
260 _c1981
365 _a
365 _b205
856 _uhttp://www.taylorfrancis.com/books/9781003313250
942 _cEBOOK
999 _c1831276
_d1831276